[Event "Oberliga Sued W 1718"]
[Site "Germany"]
[Date "2017.11.26"]
[Round "5.8"]
[White "Martin, Mike"]
[Black "Van Nieuwenhuizen, Hans"]
[Result "1-0"]
[WhiteElo "2132"]
[BlackElo "1853"]
[PlyCount "69"]
[EventDate "2017.09.10"]
[EventType "team-tourn"]
[EventRounds "11"]
[EventCountry "GER"]
[SourceTitle "EXT 2019"]
[Source "ChessBase"]
[SourceDate "2018.10.10"]
[SourceVersion "1"]
[SourceVersionDate "2018.10.10"]
[SourceQuality "1"]
[WhiteTeam "Worms"]
[BlackTeam "Remagen"]
[WhiteTeamCountry "GER"]
[BlackTeamCountry "GER"]

1. e4 e5 2. Nf3 Nf6 3. Nxe5 d6 4. Nc4 Nxe4 5. Nc3 Nf6 6. Ne3 d5 7. d4 c6 8. Bd3 g6 9. Qe2 Qe7 10. 0-0 Bg7 11. Re1 Be6 12. f4 0-0 13. Bd2 Ne4 14. Nxe4 dxe4 15. Bxe4 Bxd4 16. c3 Bg7 17. Bc2 Qc5 18. f5 Bxf5 19. b4 Qb5 20. c4 Qe5 21. Bxf5 gxf5 22. Qh5 Qd4 23. Rad1 f4 24. Bc1 Qb6 25. c5 Qxb4 26. Nf5 Nd7 27. Qg4 Qc3 28. Re2 Kh8 29. Bb2 Qxc5+ 30. Rd4 Bf6 31. Kf1 Rg8 32. Qxf4 Rad8 33. Nd6 Rdf8 34. Ne4 Qe5 35. Nxf6 1-0

[Event "Oberliga Sued W 1314"]
[Site "Germany"]
[Date "2013.12.15"]
[Round "4.6"]
[White "Van Nieuwenhuizen, Hans"]
[Black "Horacek, Helmut"]
[Result "0-1"]
[WhiteElo "1977"]
[BlackElo "2040"]
[PlyCount "128"]
[EventDate "2013.10.13"]
[EventType "team-tourn"]
[EventRounds "9"]
[EventCountry "GER"]
[SourceTitle "EXT 2015"]
[Source "ChessBase"]
[SourceDate "2014.11.20"]
[SourceVersion "1"]
[SourceVersionDate "2014.11.20"]
[SourceQuality "1"]
[WhiteTeam "Remagen"]
[BlackTeam "Saarbruecken"]
[WhiteTeamCountry "GER"]
[BlackTeamCountry "GER"]

1. e4 e6 2. d4 d5 3. exd5 exd5 4. Bd3 Bd6 5. Nc3 c6 6. Nge2 Bg4 7. Be3 Ne7 8. Qd2 Bf5 9. Bf4 0-0 10. 0-0 Bxd3 11. Qxd3 Ng6 12. Bxd6 Qxd6 13. Rfe1 Nd7 14. Ng3 Rfe8 15. Re3 Rxe3 16. Qxe3 Nf6 17. Re1 Qd7 18. h3 Re8 19. Qd2 Rxe1+ 20. Qxe1 Qe6 21. Qe3 Nf8 22. a3 g6 23. Nce2 Qxe3 24. fxe3 Ne6 25. b3 Ng5 26. Nf4 Nge4 27. Nge2 Nd6 28. Nd3 Nfe4 29. a4 Nf5 30. c4 Nxe3 31. cxd5 Nxd5 32. g4 f6 33. Kg2 Kf7 34. Nec1 Ke7 35. Kf3 Ng5+ 36. Kg3 Kd6 37. h4 Ne6 38. Ne2 b6 39. Kf3 a5 40. Ke4 Nb4 41. Ndc1 c5 42. dxc5+ Kxc5 43. h5 Ng5+ 44. Ke3 gxh5 45. gxh5 Nd5+ 46. Kd3 f5 47. Ng3 f4 48. Nf5 Nf6 49. h6 Ng4 50. Ke2 f3+ 51. Kf1 Kb4 52. Nd6 Kc3 53. Nc4 Ne4 54. Ne2+ fxe2+ 55. Kxe2 Nxh6 56. Nxb6 Kxb3 57. Ke3 Nc5 58. Kf4 Nxa4 59. Nd7 Nf7 60. Kf5 Kb4 61. Nf6 Nc5 62. Nxh7 a4 63. Nf6 a3 64. Nd5+ Kb3 0-1

[Event "Oberliga Sued W 1314"]
[Site "Germany"]
[Date "2013.10.13"]
[Round "1.8"]
[White "Starostits, Andris"]
[Black "Van Nieuwenhuizen, Hans"]
[Result "1-0"]
[WhiteElo "2333"]
[BlackElo "1977"]
[PlyCount "77"]
[EventDate "2013.10.13"]
[EventType "team-tourn"]
[EventRounds "9"]
[EventCountry "GER"]
[SourceTitle "EXT 2015"]
[Source "ChessBase"]
[SourceDate "2014.11.20"]
[SourceVersion "1"]
[SourceVersionDate "2014.11.20"]
[SourceQuality "1"]
[WhiteTeam "Schwegenheim"]
[BlackTeam "Remagen"]
[WhiteTeamCountry "GER"]
[BlackTeamCountry "GER"]

1. d4 Nf6 2. Bg5 d5 3. e3 e6 4. Bd3 Be7 5. Nd2 Nbd7 6. f4 c5 7. c3 cxd4 8. exd4 0-0 9. Qf3 h6 10. h4 Re8 11. 0-0-0 Qa5 12. Kb1 b5 13. g4 b4 14. Bxf6 Bxf6 15. g5 Rb8 16. Nb3 Qa4 17. Ne2 e5 18. fxe5 Bxe5 19. gxh6 Nf6 20. dxe5 Bg4 21. Qg3 bxc3 22. Nxc3 Nh5 23. Qg2 Qd7 24. Rdg1 Bf5 25. Bxf5 Qxf5+ 26. Qc2 Qf3 27. Nd4 Qf4 28. Nf5 g6 29. Ng7 Nxg7 30. hxg7 d4 31. Ne2 Qxe5 32. Nc1 Rec8 33. Qd2 Qe4+ 34. Nd3 Rc3 35. Rd1 Kxg7 36. Rhe1 Qxh4 37. Rh1 Qd8 38. Qh6+ Kf6 39. Rde1 1-0

[Event "Brasschaat op 13th"]
[Site "Brasschaat"]
[Date "2013.08.22"]
[Round "6"]
[White "Mengerink, Ynze"]
[Black "Van Nieuwenhuizen, Hans"]
[Result "1-0"]
[WhiteElo "2187"]
[BlackElo "1977"]
[PlyCount "67"]
[EventDate "2013.08.17"]
[EventType "swiss"]
[EventRounds "9"]
[EventCountry "BEL"]
[SourceTitle "CBM 156 Extra"]
[Source "ChessBase"]
[SourceDate "2013.10.22"]
[SourceVersion "1"]
[SourceVersionDate "2013.10.22"]
[SourceQuality "1"]

1. e4 e5 2. Nc3 Bc5 3. f4 d6 4. Nf3 Nc6 5. Bb5 Bd7 6. d3 Nf6 7. Na4 exf4 8. Nxc5 dxc5 9. Bxf4 Nd4 10. Nxd4 cxd4 11. Bc4 Qe7 12. 0-0 Bg4 13. Qe1 Be6 14. Bxe6 fxe6 15. Be5 h6 16. Bxf6 gxf6 17. Qh4 Rf8 18. Rf3 f5 19. Qh5+ Qf7 20. Qxf7+ Rxf7 21. Raf1 Ke7 22. exf5 e5 23. Rg3 Raf8 24. Rg6 Rf6 25. g4 Rxg6 26. fxg6 Rxf1+ 27. Kxf1 Kf6 28. g7 Kxg7 29. h4 b5 30. Kf2 h5 31. gxh5 c5 32. Kf3 c4 33. b3 cxb3 34. cxb3 1-0

[Event "Tabor op"]
[Site "Tabor"]
[Date "2013.07.31"]
[Round "5"]
[White "Vystrcil, Martin"]
[Black "Van Nieuwenhuizen, Hans"]
[Result "0-1"]
[WhiteElo "1768"]
[BlackElo "1977"]
[PlyCount "128"]
[EventDate "2013.07.28"]
[EventType "swiss"]
[EventRounds "9"]
[EventCountry "CZE"]
[SourceTitle "CBM 155 Extra"]
[Source "ChessBase"]
[SourceDate "2013.08.26"]
[SourceVersion "1"]
[SourceVersionDate "2013.08.26"]
[SourceQuality "1"]

1. e4 e5 2. Nf3 Nc6 3. d4 exd4 4. Bc4 d6 5. Nxd4 Bd7 6. Nc3 Nf6 7. Bg5 Be7 8. 0-0 0-0 9. Nxc6 Bxc6 10. Re1 Re8 11. f3 Qd7 12. Bxf6 Bxf6 13. Qd3 a6 14. Bd5 Re5 15. Bxc6 bxc6 16. b3 Rc5 17. Na4 Rg5 18. f4 Bxa1 19. fxg5 Be5 20. Nc3 Qg4 21. g3 Qxg5 22. Re2 h5 23. Qf3 h4 24. Kg2 hxg3 25. hxg3 Re8 26. Rf2 Qg6 27. Ne2 Bf6 28. e5 Rxe5 29. Qxc6 Qe4+ 30. Qxe4 Rxe4 31. Nf4 c6 32. Nd3 a5 33. Kf3 Rd4 34. Re2 Kf8 35. Rh2 g6 36. Ke3 c5 37. Rh1 Rg4 38. Kf3 Rg5 39. g4 Rd5 40. Nf2 Kg7 41. Ne4 Be7 42. Re1 Re5 43. Rd1 d5 44. Nc3 d4 45. Ne4 f5 46. gxf5 Rxf5+ 47. Ke2 g5 48. Kd3 Kg6 49. Kc4 Re5 50. Nf2 Re2 51. Nd3 Rxc2+ 52. Kb5 g4 53. Re1 Kf6 54. Rf1+ Kg5 55. Re1 Bd6 56. a4 Rc3 57. Nf2 Rxb3+ 58. Kxa5 Kf4 59. Ne4 Bc7+ 60. Ka6 Re3 61. Rb1 Kxe4 62. Rb7 Bd6 63. a5 g3 64. Rg7 d3 0-1

[Event "Tabor op"]
[Site "Tabor"]
[Date "2013.07.30"]
[Round "4"]
[White "Van Nieuwenhuizen, Hans"]
[Black "Barrish, Daniel"]
[Result "1/2-1/2"]
[WhiteElo "1977"]
[BlackElo "1824"]
[PlyCount "35"]
[EventDate "2013.07.28"]
[EventType "swiss"]
[EventRounds "9"]
[EventCountry "CZE"]
[SourceTitle "CBM 155 Extra"]
[Source "ChessBase"]
[SourceDate "2013.08.26"]
[SourceVersion "1"]
[SourceVersionDate "2013.08.26"]
[SourceQuality "1"]

1. e4 c5 2. c3 Nf6 3. e5 Nd5 4. d4 cxd4 5. cxd4 e6 6. Nc3 Nxc3 7. bxc3 Qc7 8. Bd2 b6 9. f4 Bb7 10. Nf3 d6 11. Bd3 Be7 12. 0-0 Nd7 13. Qc2 h6 14. Rae1 dxe5 15. fxe5 g5 16. h3 0-0-0 17. a4 Rdg8 18. Nh2 1/2-1/2

[Event "Tabor op"]
[Site "Tabor"]
[Date "2013.07.29"]
[Round "3"]
[White "Hausner, Ivan"]
[Black "Van Nieuwenhuizen, Hans"]
[Result "1-0"]
[WhiteElo "2387"]
[BlackElo "1977"]
[PlyCount "47"]
[EventDate "2013.07.28"]
[EventType "swiss"]
[EventRounds "9"]
[EventCountry "CZE"]
[SourceTitle "CBM 155 Extra"]
[Source "ChessBase"]
[SourceDate "2013.08.26"]
[SourceVersion "1"]
[SourceVersionDate "2013.08.26"]
[SourceQuality "1"]

1. c4 Nf6 2. Nc3 d6 3. d4 g6 4. e4 Bg7 5. f4 0-0 6. Nf3 c5 7. d5 e6 8. Be2 exd5 9. cxd5 Re8 10. e5 dxe5 11. fxe5 Ng4 12. Bg5 f6 13. exf6 Bxf6 14. Qd2 Bxg5 15. Qxg5 Qxg5 16. Nxg5 Ne3 17. Kf2 Bf5 18. h3 h6 19. Nf3 a6 20. Rac1 b5 21. g4 Bc8 22. Rhe1 b4 23. Na4 Nd7 24. Bd3 1-0

[Event "Tabor op"]
[Site "Tabor"]
[Date "2013.07.29"]
[Round "2"]
[White "Van Nieuwenhuizen, Hans"]
[Black "Vybiral, Zdenek"]
[Result "1/2-1/2"]
[WhiteElo "1977"]
[BlackElo "2195"]
[PlyCount "45"]
[EventDate "2013.07.28"]
[EventType "swiss"]
[EventRounds "9"]
[EventCountry "CZE"]
[SourceTitle "CBM 155 Extra"]
[Source "ChessBase"]
[SourceDate "2013.08.26"]
[SourceVersion "1"]
[SourceVersionDate "2013.08.26"]
[SourceQuality "1"]

1. e4 e6 2. d4 d5 3. exd5 exd5 4. Bd3 Bd6 5. Nf3 Nc6 6. c3 Nge7 7. Bg5 f6 8. Bh4 Bf5 9. Bg3 Qd7 10. Bxd6 Qxd6 11. Bxf5 Nxf5 12. 0-0 0-0 13. Qd3 Qf4 14. Qd2 Qg4 15. Na3 Rae8 16. Rae1 Re4 17. Nc2 Rfe8 18. Rxe4 Rxe4 19. Re1 Nd6 20. h3 Qe6 21. Rxe4 dxe4 22. d5 Qf5 23. Nh4 1/2-1/2

[Event "Oberliga Sued W 1213"]
[Site "Germany"]
[Date "2012.11.11"]
[Round "2.8"]
[White "Van Nieuwenhuizen, Hans"]
[Black "Haertner, Helmut"]
[Result "1/2-1/2"]
[WhiteElo "1950"]
[BlackElo "1956"]
[PlyCount "36"]
[EventDate "2012.10.21"]
[EventType "team-tourn"]
[EventRounds "9"]
[EventCountry "GER"]
[SourceTitle "EXT 2019"]
[Source "ChessBase"]
[SourceDate "2018.10.10"]
[SourceVersion "1"]
[SourceVersionDate "2018.10.10"]
[SourceQuality "1"]
[WhiteTeam "Remagen"]
[BlackTeam "Frankenthal"]
[WhiteTeamCountry "GER"]
[BlackTeamCountry "GER"]

1. e4 c5 2. c3 d5 3. exd5 Qxd5 4. d4 Nf6 5. Nf3 Bg4 6. Be2 e6 7. 0-0 Be7 8. Be3 cxd4 9. Nxd4 Bxe2 10. Qxe2 0-0 11. Nb5 Na6 12. Bxa7 Rfc8 13. Rd1 Qf5 14. Be3 Nc5 15. Nd2 Qc2 16. Bxc5 Bxc5 17. b4 Bf8 18. Rdc1 Qb2 1/2-1/2

[Event "Tabor op"]
[Site "Tabor"]
[Date "2012.08.03"]
[Round "7"]
[White "Van Nieuwenhuizen, Hans"]
[Black "Hasek, Vaclav"]
[Result "1/2-1/2"]
[WhiteElo "1944"]
[BlackElo "2079"]
[PlyCount "79"]
[EventDate "2012.07.29"]
[EventType "swiss"]
[EventRounds "9"]
[EventCountry "CZE"]
[SourceTitle "EXT 2013"]
[Source "ChessBase"]
[SourceDate "2012.11.22"]
[SourceVersion "1"]
[SourceVersionDate "2012.11.22"]
[SourceQuality "1"]

1. e4 e5 2. Nf3 d6 3. Bc4 Be7 4. h3 Nf6 5. d3 0-0 6. c3 c6 7. 0-0 b5 8. Bb3 Nbd7 9. a4 Bb7 10. Be3 a6 11. Na3 Nb6 12. axb5 axb5 13. Re1 Qc7 14. Bg5 h6 15. Bh4 Na4 16. Qe2 Nc5 17. Bc2 Ne6 18. Bg3 Nh5 19. d4 Nxg3 20. fxg3 Bf6 21. d5 cxd5 22. exd5 Bxd5 23. Qd3 e4 24. Qxd5 exf3 25. Qxf3 b4 26. Qe4 Ng5 27. Qxb4 Rfb8 28. Qc4 Qb6+ 29. Kh2 Qxb2 30. Reb1 Qxc3 31. Qxc3 Bxc3 32. Rxb8+ Rxb8 33. Rd1 Be5 34. Nc4 Rc8 35. Bb3 Ne4 36. Nxe5 dxe5 37. Rd7 Rf8 38. Re7 Nc5 39. Bd5 e4 40. Bxe4 1/2-1/2

[Event "Tabor op"]
[Site "Tabor"]
[Date "2012.08.02"]
[Round "6"]
[White "Meszaros, Ludek"]
[Black "Van Nieuwenhuizen, Hans"]
[Result "1/2-1/2"]
[WhiteElo "2153"]
[BlackElo "1944"]
[PlyCount "77"]
[EventDate "2012.07.29"]
[EventType "swiss"]
[EventRounds "9"]
[EventCountry "CZE"]
[SourceTitle "EXT 2013"]
[Source "ChessBase"]
[SourceDate "2012.11.22"]
[SourceVersion "1"]
[SourceVersionDate "2012.11.22"]
[SourceQuality "1"]

1. e4 e5 2. Nf3 Nc6 3. Bb5 a6 4. Ba4 Nf6 5. 0-0 b5 6. Bb3 Be7 7. d4 exd4 8. Re1 d6 9. a4 Bg4 10. h3 Bxf3 11. Qxf3 Ne5 12. Qe2 0-0 13. f4 Ng6 14. c3 dxc3 15. Nxc3 c6 16. Qf3 Nd7 17. Bc2 Bf6 18. Be3 Nb6 19. axb5 axb5 20. Rxa8 Nxa8 21. e5 dxe5 22. Qxc6 exf4 23. Bc5 Bd4+ 24. Bxd4 Qxd4+ 25. Kh1 b4 26. Nd5 Qf2 27. Re8 f3 28. Ne7+ Nxe7 29. Rxf8+ Kxf8 30. Qxa8+ Nc8 31. Qxc8+ Ke7 32. Qc7+ Kf6 33. Qd6+ Kg5 34. Qe7+ Kh6 35. Qd6+ g6 36. Qf4+ Kg7 37. Qe5+ Kh6 38. Qf4+ Kg7 39. Qe5+ 1/2-1/2

[Event "Tabor op"]
[Site "Tabor"]
[Date "2012.07.29"]
[Round "1"]
[White "Van Nieuwenhuizen, Hans"]
[Black "Voloshin, Leonid"]
[Result "0-1"]
[WhiteElo "1944"]
[BlackElo "2427"]
[PlyCount "50"]
[EventDate "2012.07.29"]
[EventType "swiss"]
[EventRounds "9"]
[EventCountry "CZE"]
[SourceTitle "EXT 2013"]
[Source "ChessBase"]
[SourceDate "2012.11.22"]
[SourceVersion "1"]
[SourceVersionDate "2012.11.22"]
[SourceQuality "1"]

1. e4 c5 2. c3 g6 3. d4 cxd4 4. cxd4 d5 5. e5 Nc6 6. Nc3 Bg7 7. Nf3 f6 8. Bb5 a6 9. Bxc6+ bxc6 10. Bf4 g5 11. exf6 exf6 12. Qe2+ Ne7 13. Bg3 h5 14. h4 g4 15. Nd2 Kf7 16. 0-0 a5 17. Rfe1 Ng6 18. Nb3 f5 19. Nc5 Bxd4 20. Ne6 Qf6 21. Ng5+ Kg7 22. Rad1 f4 23. Ne6+ Bxe6 24. Rxd4 Qxd4 25. Qxe6 fxg3 0-1

[Event "Plzen op 3rd"]
[Site "Plzen"]
[Date "2011.11.19"]
[Round "1"]
[White "Van Nieuwenhuizen, Hans"]
[Black "Haddouche, Mohamed Amine"]
[Result "1/2-1/2"]
[WhiteElo "1993"]
[BlackElo "2386"]
[PlyCount "141"]
[EventDate "2011.11.19"]
[EventType "swiss"]
[EventRounds "9"]
[EventCountry "CZE"]
[SourceTitle "CBM 145 Extra"]
[Source "ChessBase"]
[SourceDate "2012.01.03"]
[SourceVersion "1"]
[SourceVersionDate "2012.01.03"]
[SourceQuality "1"]

1. e4 e5 2. Nf3 Nc6 3. Bc4 Nf6 4. d3 Be7 5. 0-0 d6 6. h3 Na5 7. Nbd2 0-0 8. a3 Nxc4 9. Nxc4 Re8 10. Ne3 Bf8 11. Nh2 d5 12. Nhg4 dxe4 13. Nxf6+ Qxf6 14. dxe4 c6 15. Ng4 Qe6 16. Qe2 b6 17. Bd2 a5 18. Rfd1 f6 19. a4 Ba6 20. Qf3 Red8 21. Be3 c5 22. b3 Bb7 23. Qe2 Bxe4 24. Rxd8 Rxd8 25. Bxc5 Bxc5 26. Qxe4 Bd4 27. c3 Bxc3 28. Rc1 f5 29. Qb7 Bb4 30. Qc7 Re8 31. Ne3 Bc5 32. Nc4 e4 33. Rd1 Qf6 34. Qd7 Qf7 35. Qc6 Qe6 36. Qc7 h6 37. Rd7 Qf6 38. Ne3 Qg5 39. h4 Qf6 40. g3 Kh8 41. Kg2 Qb2 42. Nd1 Qa1 43. Ne3 Rf8 44. Rf7 Rxf7 45. Qxf7 Bxe3 46. fxe3 Qf6 47. Qe8+ Kh7 48. h5 Qg5 49. Qf7 Qf6 50. Qe8 Qb2+ 51. Kf1 Qxb3 52. Qg6+ Kh8 53. Qxf5 Qc4+ 54. Kg2 Kg8 55. Qg6 Qxa4 56. Qxb6 Qa2+ 57. Kh3 Qd5 58. Qg6 Qe5 59. g4 Kh8 60. Qc6 Kg8 61. Qg6 Kf8 62. Qc6 Kf7 63. Qd7+ Kg8 64. Qc6 Kh8 65. Qg6 Qe7 66. Qc6 Qe5 67. Qg6 Kg8 68. Qc6 Kf8 69. Qc8+ Kf7 70. Qd7+ Kg8 71. Qc6 1/2-1/2

[Event "Tabor op"]
[Site "Tabor"]
[Date "2011.08.03"]
[Round "5"]
[White "Havlik, Jan"]
[Black "Van Nieuwenhuizen, Hans"]
[Result "1-0"]
[WhiteElo "2315"]
[BlackElo "1957"]
[PlyCount "53"]
[EventDate "2011.07.31"]
[EventType "swiss"]
[EventRounds "9"]
[EventCountry "CZE"]
[SourceTitle "CBM 143 Extra"]
[Source "ChessBase"]
[SourceDate "2011.08.29"]
[SourceVersion "1"]
[SourceVersionDate "2011.08.29"]
[SourceQuality "1"]

1. e4 e5 2. Nf3 Nc6 3. Bb5 a6 4. Ba4 Nf6 5. d4 b5 6. Bb3 exd4 7. 0-0 Be7 8. Qe2 d6 9. Bd5 Bb7 10. Bxc6+ Bxc6 11. Nxd4 Bd7 12. a4 0-0 13. Bf4 Re8 14. axb5 axb5 15. Nd2 c5 16. Nxb5 Rb8 17. Nxd6 Bxd6 18. Bxd6 Bb5 19. c4 Qxd6 20. cxb5 Qd4 21. Rfe1 Qxb2 22. Rab1 Qc2 23. f3 Nd5 24. Qc4 Qxc4 25. Nxc4 Nc3 26. Rb3 Na4 27. b6 1-0

[Event "Plzen op 2nd"]
[Site "Plzen"]
[Date "2010.12.06"]
[Round "3"]
[White "Van Nieuwenhuizen, Hans"]
[Black "Frantsuzova, Lyudmila Nikola"]
[Result "1-0"]
[WhiteElo "2006"]
[BlackElo "1836"]
[PlyCount "105"]
[EventDate "2010.12.04"]
[EventType "swiss"]
[EventRounds "9"]
[EventCountry "CZE"]
[SourceTitle "CBM 139 Extra"]
[Source "ChessBase"]
[SourceDate "2011.01.05"]
[SourceVersion "1"]
[SourceVersionDate "2011.01.05"]
[SourceQuality "1"]

1. e4 c5 2. c3 Nc6 3. Nf3 e5 4. d3 d6 5. Be2 Nf6 6. 0-0 Be7 7. h3 h6 8. Be3 Be6 9. Ne1 Qb6 10. Qc1 g5 11. b4 a5 12. bxc5 dxc5 13. a4 g4 14. h4 g3 15. fxg3 h5 16. Na3 Rb8 17. Rb1 Qc7 18. Nf3 Ng4 19. Ng5 Nd8 20. Nxe6 Nxe6 21. Bxg4 hxg4 22. Qb2 Qd7 23. Qb5 Qxb5 24. Rxb5 b6 25. Nc4 f6 26. Rfb1 Kd7 27. Nxa5 Kc7 28. Nc4 Rhd8 29. Nxb6 Kc6 30. Nc4 Rxb5 31. axb5+ Kb7 32. Rd1 Nc7 33. Na5+ Kb6 34. Nc6 Rd7 35. c4 Bf8 36. Kf2 Ne8 37. Nb4 Nd6 38. Nd5+ Kb7 39. Ke2 f5 40. Bxc5 fxe4 41. dxe4 Nxe4 42. Bxf8 Rf7 43. Ke3 Nxg3 44. Bb4 Nf5+ 45. Ke4 Nxh4 46. c5 Nxg2 47. c6+ Kc8 48. Ra1 Rf4+ 49. Kxe5 Rf5+ 50. Kxf5 Ne3+ 51. Nxe3 g3 52. Bd6 g2 53. Ra8# 1-0

[Event "Liberec op 11th"]
[Site "Liberec"]
[Date "2010.10.28"]
[Round "7"]
[White "Van Nieuwenhuizen, Hans"]
[Black "Hanus, Jan"]
[Result "1-0"]
[WhiteElo "1999"]
[BlackElo "1443"]
[PlyCount "23"]
[EventDate "2010.10.23"]
[EventType "swiss"]
[EventRounds "9"]
[EventCountry "CZE"]
[SourceTitle "EXT 2011"]
[Source "ChessBase"]
[SourceDate "2010.11.26"]
[SourceVersion "1"]
[SourceVersionDate "2010.11.26"]
[SourceQuality "1"]

1. e4 c5 2. c3 d5 3. exd5 Qxd5 4. d4 c4 5. Nd2 b5 6. Be2 Bb7 7. Bf3 Qd7 8. Ne4 e6 9. Bf4 Nc6 10. Ne2 g6 11. 0-0 Nge7 12. Nf6+ 1-0

[Event "Liberec op 11th"]
[Site "Liberec"]
[Date "2010.10.25"]
[Round "3"]
[White "Novak, Michal"]
[Black "Van Nieuwenhuizen, Hans"]
[Result "1-0"]
[WhiteElo "2165"]
[BlackElo "1999"]
[PlyCount "53"]
[EventDate "2010.10.23"]
[EventType "swiss"]
[EventRounds "9"]
[EventCountry "CZE"]
[SourceTitle "EXT 2011"]
[Source "ChessBase"]
[SourceDate "2010.11.26"]
[SourceVersion "1"]
[SourceVersionDate "2010.11.26"]
[SourceQuality "1"]

1. e4 e5 2. Nf3 Nc6 3. d4 exd4 4. Bc4 d6 5. Nxd4 Nxd4 6. Qxd4 Nf6 7. Nc3 Be7 8. Bf4 0-0 9. 0-0 Bd7 10. Rad1 Bc6 11. e5 dxe5 12. Qxe5 Bd6 13. Qd4 Bxf4 14. Qxf4 Qe7 15. Rfe1 Qc5 16. Re5 Qb6 17. Bb3 Rad8 18. Rxd8 Rxd8 19. h3 Re8 20. Qc4 Rf8 21. Re7 h6 22. Rxf7 Rxf7 23. Qxf7+ Kh7 24. Bc4 Qxb2 25. Bd3+ Kh8 26. Qf8+ Ng8 27. Bc4 1-0

[Event "Tabor op"]
[Site "Tabor"]
[Date "2010.08.04"]
[Round "5"]
[White "Van Nieuwenhuizen, Hans"]
[Black "Horak, Vladimir"]
[Result "1/2-1/2"]
[WhiteElo "1958"]
[BlackElo "2082"]
[PlyCount "37"]
[EventDate "2010.08.01"]
[EventType "swiss"]
[EventRounds "9"]
[EventCountry "CZE"]
[SourceTitle "EXT 2012"]
[Source "ChessBase"]
[SourceDate "2011.11.24"]
[SourceVersion "1"]
[SourceVersionDate "2011.11.24"]
[SourceQuality "1"]

1. e4 e6 2. d4 d5 3. e5 c5 4. c3 Qb6 5. Nf3 Bd7 6. Bd3 Bb5 7. 0-0 Bxd3 8. Qxd3 Nc6 9. b3 cxd4 10. cxd4 Nge7 11. Ba3 Nf5 12. Bxf8 Kxf8 13. Rd1 Rc8 14. Nc3 Nfxd4 15. Nxd4 Qxd4 16. Qxd4 Nxd4 17. Nxd5 Nc6 18. Ne3 Ke7 19. f4 1/2-1/2

[Event "Tabor op"]
[Site "Tabor"]
[Date "2010.08.02"]
[Round "3"]
[White "Van Nieuwenhuizen, Hans"]
[Black "Bartos, Alois"]
[Result "1/2-1/2"]
[WhiteElo "1958"]
[BlackElo "2094"]
[PlyCount "35"]
[EventDate "2010.08.01"]
[EventType "swiss"]
[EventRounds "9"]
[EventCountry "CZE"]
[SourceTitle "EXT 2012"]
[Source "ChessBase"]
[SourceDate "2011.11.24"]
[SourceVersion "1"]
[SourceVersionDate "2011.11.24"]
[SourceQuality "1"]

1. e4 c5 2. c3 d5 3. exd5 Qxd5 4. d4 Nf6 5. Nf3 e6 6. Be2 Nc6 7. 0-0 Be7 8. Na3 0-0 9. Nb5 Qd8 10. dxc5 Bxc5 11. Bf4 Nd5 12. Bg3 a6 13. Nbd4 Nxd4 14. Nxd4 Qb6 15. Nb3 Be7 16. Qd4 Qxd4 17. Nxd4 Bf6 18. Rad1 1/2-1/2

[Event "Tabor op"]
[Site "Tabor"]
[Date "2010.08.01"]
[Round "1"]
[White "Van Nieuwenhuizen, Hans"]
[Black "Ivanov, Mikhail M"]
[Result "1/2-1/2"]
[WhiteElo "1958"]
[BlackElo "2486"]
[PlyCount "85"]
[EventDate "2010.08.01"]
[EventType "swiss"]
[EventRounds "9"]
[EventCountry "CZE"]
[SourceTitle "EXT 2012"]
[Source "ChessBase"]
[SourceDate "2011.11.24"]
[SourceVersion "1"]
[SourceVersionDate "2011.11.24"]
[SourceQuality "1"]

1. e4 c5 2. c3 d6 3. d4 Qc7 4. Nf3 g6 5. Bd3 Bg7 6. Be3 Nf6 7. h3 0-0 8. 0-0 b6 9. Nbd2 Nc6 10. Qc2 e5 11. d5 Ne7 12. Nh2 Nh5 13. f4 Nxf4 14. Bxf4 exf4 15. Rxf4 f5 16. exf5 Bxf5 17. Bxf5 Nxf5 18. Re1 Bh6 19. Rfe4 Qf7 20. Qd3 b5 21. b3 Rab8 22. Ng4 Bg7 23. Nf3 h6 24. Ne3 c4 25. bxc4 bxc4 26. Rxc4 Rbe8 27. Nxf5 Rxe1+ 28. Nxe1 Qxf5 29. Qxf5 Rxf5 30. Rc8+ Kh7 31. c4 Bd4+ 32. Kh2 g5 33. Nf3 Bc5 34. Re8 Rf4 35. Nd2 Bd4 36. Nf3 Bc5 37. Nd2 Bd4 38. Nf3 Bb6 39. Re7+ Kg8 40. Nd2 Bd4 41. Nf3 Bb6 42. Nd2 Bd4 43. Nf3 1/2-1/2

[Event "Liberec op 10th"]
[Site "Liberec"]
[Date "2009.10.27"]
[Round "4"]
[White "Van Nieuwenhuizen, Hans"]
[Black "Dadello, Aleksandra"]
[Result "1-0"]
[WhiteElo "1989"]
[BlackElo "1756"]
[PlyCount "59"]
[EventDate "2009.10.24"]
[EventType "swiss"]
[EventRounds "9"]
[EventCountry "CZE"]
[SourceTitle "EXT 2010"]
[Source "ChessBase"]
[SourceDate "2010.11.25"]
[SourceVersion "1"]
[SourceVersionDate "2010.11.25"]
[SourceQuality "1"]

1. e4 e5 2. Nf3 Nc6 3. Bc4 Bc5 4. c3 Nf6 5. d3 a6 6. b4 Ba7 7. 0-0 d6 8. h3 0-0 9. Bg5 Be6 10. Nbd2 b5 11. Bb3 h6 12. Bh4 Kh8 13. Kh1 Qe7 14. Ng1 Rad8 15. a4 d5 16. axb5 axb5 17. Ra6 Bb6 18. exd5 Bxd5 19. Bxd5 Rxd5 20. Qf3 g5 21. Ne4 Nh7 22. Nxg5 e4 23. Qxe4 Qxe4 24. Nxe4 Rxd3 25. f3 f5 26. Nc5 Nb8 27. Rxb6 cxb6 28. Nxd3 Rc8 29. Ne2 Ng5 30. Bxg5 1-0

[Event "Liberec op"]
[Site "Liberec"]
[Date "2007.11.11"]
[Round "2"]
[White "Noordhoek, Henk P"]
[Black "Van Nieuwenhuizen, Hans"]
[Result "1/2-1/2"]
[WhiteElo "2102"]
[BlackElo "1974"]
[PlyCount "55"]
[EventDate "2007.11.10"]
[EventType "swiss"]
[EventRounds "9"]
[EventCountry "CZE"]
[SourceTitle "EXT 2008"]
[Source "ChessBase"]
[SourceDate "2007.11.25"]
[SourceVersion "1"]
[SourceVersionDate "2007.11.25"]
[SourceQuality "1"]

1. g3 g6 2. Bg2 Bg7 3. Nf3 Nf6 4. 0-0 0-0 5. d4 d5 6. c3 Nbd7 7. Re1 Ne4 8. Ng5 Nxg5 9. Bxg5 Nf6 10. Qc1 Bf5 11. Bh6 Qd7 12. Bxg7 Kxg7 13. Nd2 Bh3 14. Bh1 c6 15. Nf3 Ne4 16. Ng5 Nxg5 17. Qxg5 f6 18. Qd2 Bf5 19. Rad1 Rae8 20. e4 Bxe4 21. Bxe4 dxe4 22. Rxe4 Qd5 23. Rde1 Qxa2 24. Rxe7+ Rxe7 25. Rxe7+ Rf7 26. Qe2 Rxe7 27. Qxe7+ Qf7 28. Qd6 1/2-1/2

[Event "Litomysl op"]
[Site "Litomysl"]
[Date "2006.12.31"]
[Round "8"]
[White "Van Nieuwenhuizen, Hans"]
[Black "Janocko, Petr"]
[Result "1/2-1/2"]
[WhiteElo "1955"]
[BlackElo "2089"]
[PlyCount "41"]
[EventDate "2006.12.26"]
[EventType "swiss"]
[EventRounds "9"]
[EventCountry "CZE"]
[SourceTitle "CBM 116 Extra"]
[Source "ChessBase"]
[SourceDate "2007.03.07"]
[SourceVersion "1"]
[SourceVersionDate "2007.03.07"]
[SourceQuality "1"]

1. d4 Nf6 2. c4 e6 3. Nc3 d5 4. Bg5 Be7 5. e3 0-0 6. Nf3 h6 7. Bh4 c5 8. Qc2 cxd4 9. Nxd4 Nc6 10. Nxc6 bxc6 11. cxd5 cxd5 12. Be2 Qb6 13. 0-0 Rb8 14. b3 Ba6 15. Bxa6 Qxa6 16. Qe2 Qa5 17. Rac1 Rfc8 18. Na4 Qb4 19. Bg3 Rxc1 20. Rxc1 Bd6 21. Bxd6 1/2-1/2